| 000 | 00541cam a2200145 4500500 | ||
|---|---|---|---|
| 005 | 20260208002442.0 | ||
| 041 | _afre | ||
| 042 | _adc | ||
| 100 | 1 | 0 |
_aMasset, Claude _eauthor |
| 245 | 0 | 0 | _aMarc Augé, Carnet de route et de déroutes, septembre 2008 – juin 2009, Paris, Galilée, 2010, 118 p. (« Contemporanéités ») |
| 260 | _c2011. | ||
| 500 | _a45 | ||
| 786 | 0 | _nL'Homme | 200 | 4 | 2011-11-01 | p. 227b-230b | 0439-4216 | |
| 856 | 4 | 1 | _uhttps://shs.cairn.info/revue-l-homme-2011-4-page-227b?lang=fr&redirect-ssocas=7080 |
| 999 |
_c1646429 _d1646429 |
||